Piłkarska kariera Diego Maradony . - Statystyki

Ogólne statystyki
  • Ten quiz został rozwiązany 117 razy
  • Średni wynik to 4 z 7
Statystyki odpowiedzi
Lata Drużyna % Poprawnych
1984-1991 Napoli
93%
1982-1984 Barcelona
92%
1981-1982 Boca Juniors
77%
1995-1997 Boca Juniors
77%
1992-1993 Sevilla
33%
1993-1994 Newell's Old Boys
22%
1976-1981 Argentinos Juniors
15%
Nie znaleziono quizów pasujących do podanych kryteriów
Rozkład punktacji
Procent ludzi z każdym wynikiem
Percentyl według liczby udzielonych odpowiedzi
Twoja historia wyników
Nie rozwiązałeś tego quizu